Alle Hoodblaq Songs - Statistiken

Allgemein
  • Dieses Quiz wurde 84 mal gespielt
  • Das Durchschnittsergebnis liegt bei 39 aus 75
Antwortstatistiken
Hint Antwort % Korrekt
39 PASS AUF
86%
5 #5
84%
1 #1
82%
2 #2
82%
3 #3
82%
4 #4
82%
6 #6
82%
7 #7
82%
8 #8
82%
9 #9
82%
10 #10
80%
13 Ketama
80%
11 #11
78%
23 Barrio
76%
42 CARRERA
73%
28 Siedlung
71%
31 ATHENA
61%
55 SCHWARZ
61%
15 Ahu
57%
46 IN MEINER WELT
55%
21 Ohne Sinn
55%
38 UNGA UNGA
55%
49 WAGWAN
55%
22 Casablanca
53%
14 Cazal
53%
43 I HAVE A DREAM
53%
30 YOUNG G
53%
24 Fleisch
51%
29 VIVA LA HAZE
51%
27 Alame
49%
17 Mashkal
49%
33 MINIMUM
49%
68 MONTENEGRO
49%
47 YARDIE
49%
25 Yima
49%
48 5. STOCK
47%
41 BELDIA
47%
44 GELD FEHLT
47%
50 REIN GEHEN
47%
18 Bandobaby
45%
52 BONITA
45%
57 DUNKELHEIT
45%
20 Miskin
45%
61 PROBLEME
45%
59 Tropicana
45%
66 ÜBERALL
45%
16 Versorgen die Stadt
45%
19 Ya Xara
45%
37 BLOCKTHERAPIE
43%
71 PARADOX
43%
74 SCHWARZE ROSEN
43%
36 SHARIKAT
43%
40 BENTLEY
41%
56 ICH MUSS RENNEN
41%
54 JERSEY
41%
72 KARMA
41%
69 MAGHREBIA
41%
51 MOTOR
41%
32 NEW JACK CITY
41%
26 Wie viele
41%
60 FIGHT
39%
53 MA BELLA
39%
64 MANNSCHAFT
39%
63 BALLERN
37%
58 WIE WEIT?
37%
12 Moshpit
35%
73 NAMEK
35%
35 ODYSEE
35%
67 UH MAMA
35%
45 VP
35%
65 COMMERCIAL
31%
34 KRIMINAL
31%
75 Bars Afrique
27%
62 PHANTOM
27%
70 CASANEGRA
24%
Keine übereinstimmenden Quizze gefunden
Verteilung der Resultate
Anzahl Personen mit jedem Resultat
Perzentil nach korrekt beantworteten Fragen
Ihre Resultats-Entwicklung
Sie haben dieses Quiz noch nicht gespielt